000 00468nam a2200145Ia 4500
008 151213s9999 xx 000 0 und d
100 _aAdrian Daff & Christopher Jones
245 _aLanguage in U S A - Pre -Intermediate Classroom Book
_cAdrian Daff & Christopher Jones
260 _aNew York
_bCambridge University
_c2000
300 _a1841 p.
650 _aEnglish Language
650 _aEnglish Language
700 _aAdrian Daff & Christopher Jones
999 _c1349
_d1349